000 00293pam a2200145 a 4500
020 _c
041 _h
082 _b162
100 _aR. Hicks/ F. Schultz.
245 _aPorliting Night Shots
250 _a1997.
260 _aPune:
_bRptovision .
300 _aPaperback.
930 _a161
999 _c233951
_d233951